Quizzes
Events
Quiz Creation
Community
Videos
Private Events
Remove Ads
Sign In
Join for FREE
Feedback
Dark Mode
Quiz Categories
Sports
Geography
Music
Movies
Television
Just For Fun
Miscellaneous
History
Literature
Language
Science
Gaming
Entertainment
Religion
Holiday
For Kids
Quiz Lab
Recent
Popular Today
Quiz Kudos Today
Editor Picks
Curator Picks
Quizzes by...
Day
Popularity
Type
Ratings
Length
Year
Community
Subscriptions
Recent Discussions
Orange Saloon
Badges
Playlists
Quests
Create
Leaderboards
Showdown
Live 5
Trivia Bingo
Activity
Puzzle Library
Sporcle Events
Private Events
Virtual Trivia
Globe League
Become a Host
Pub Owners
SporcleCon
Opinionation
Our Games
Videos
Blog
Mobile Apps
Partnerships
Remove Ads and Go Orange
Feedback
Sports
Athletes
MLB
NBA
NHL
NFL
Soccer
Sports Teams
WWE
NCAA
Football
Premier League
Basketball
Baseball
Hockey
Golf
Tennis
Cricket
Rugby
Auto Racing
Olympics
World Cup
Sports
Athletes
MLB
NBA
NHL
NFL
Soccer
Sports Teams
WWE
NCAA
Football
Premier League
Basketball
Baseball
Hockey
Golf
Tennis
Cricket
Rugby
Auto Racing
Olympics
World Cup
Random Quiz
Search Sporcle
×
Quiz Lab
Quiz Lab
Sports
World
Type in answers that appear in a list
Type in answers that appear in a list
Classic
Best Score? Go Orange.
UK World Athletics Champs 100metres male athletes Stats
Can you name the UK World Athletics Championships 100m athletes?
By
Flipbboj
10m
38 Questions
199 Plays
199 Plays
199 Plays
Comments
Comments
Give Quiz Kudos
Give Quiz Kudos
-
- Ratings
hide this ad
Replay
Link that replays current quiz
Next Quiz
Link to next quiz in quiz playlist
You Got
0%
They Got
Avg Score
50%
Avg Friend Score
Upgrade to see
Score Distribution
Jump to the score distribution portion of the page
Score
0/38
Timer
10:00
0
Plays Today
Year, City
Athlete
% Correct
1987, Rome
Linford Christie
91%
1991,Tokyo
Linford Christie
91%
1993, Stuttgart
Linford Christie
91%
1995, Gothenburg
Linford Christie
91%
2003, Saint-
Denis
Dwain Chambers
85.9%
1999, Seville
Dwain Chambers
85.4%
2001, Edmonton
Dwain Chambers
85.4%
2009, Berlin
Dwain Chambers
85.4%
2011, Daegu
Dwain Chambers
85.4%
1997, Athens
Darren Campbell
69.8%
1999, Seville
Darren Campbell
69.8%
2003, Saint-
Denis
Darren Campbell
69.8%
2001, Edmonton
Mark Lewis-Francis
65.3%
2005, Helsinki
Mark Lewis-Francis
65.3%
2007, Osaka
Mark Lewis-Francis
65.3%
1983, Helsinki
Allan Wells
58.8%
1987, Rome
Allan Wells
58.8%
2003, Saint-
Denis
Mark Lewis-Francis
52.3%
1997, Athens
Marlon Devonish
51.3%
Year, City
Athlete
% Correct
2005, Helsinki
Marlon Devonish
51.3%
2007, Osaka
Marlon Devonish
51.3%
2011, Daegu
Marlon Devonish
51.3%
1999, Seville
Jason Gardener
48.7%
2001, Edmonton
Christian Malcolm
48.7%
2005, Helsinki
Jason Gardener
48.7%
2007, Osaka
Craig Pickering
25.1%
1991,Tokyo
Darren Braithwaite
19.1%
1995, Gothenburg
Darren Braithwaite
19.1%
2011, Daegu
Harry Aikines-Aryeetey
16.6%
1993, Stuttgart
Jason John
16.1%
1995, Gothenburg
Jason John
16.1%
1991,Tokyo
Jason Livingston
14.6%
2009, Berlin
Simeon Williamson
13.6%
1987, Rome
Michael McFarlane
12.1%
2009, Berlin
Tyrone Edgar
12.1%
1983, Helsinki
Cameron Sharp
11.1%
1997, Athens
Ian Mackie
8.5%
1983, Helsinki
Luke Watson
4%
Quiz Playlist
Details
Report
Send in Message
Add To Playlist
Classic:
Type in answers that appear in a list
Last Updated: Feb 16, 2017
Quiz Scoreboard
CHALLENGE
Sign Up to Join the Scoreboard
Show All
Scores
Hide
Comments
May contain spoilers
Recently Published
9x9 Crossword: Cartoon Network
by jackfrog10
Miscellaneous
3m
College Basketball Coaching Resumes
by pancakes188
Sports
9m
Billboard Blitz: Fleetwood Mac
by CooCooCachoo
Music
15s
More to Explore
Quiz From the Vault
Featured Blog Post
Where Did the Easter Bunny Come From?
hide this ad
You Might Also Like...
Tags
Athletes Quiz
City Quiz
World Quiz
100m
champ
Championship
UK World
Today's Top Quizzes in Sports
Browse Sports
hide this ad
Today's Top Quizzes in World
Browse World
Top Contributed Quizzes in Sports
1
2022 World Cup Stars
2
Les meilleurs buteurs des matchs entre le PSG et l’OM
3
FIFA Club World Cup Champions
4
Les entraîneurs de l'OM et du PSG au 21e siècle
5
Criteria MLB: Left Handed Sluggers
6
AFC Teams Reveal (Wrong Answers Minefield)
7
2023 MLB Unique Player Accomplishments
8
Players with Multiple 50 Home Run Seasons
9
5-to-1: FBS Animal Nicknames
10
5-to-1: UK Sports Teams
Explore More
Trending Topics
NBA
Harry Potter
Anime
Disney
Marvel
Kpop
Crossword
Pokémon
Soccer
The Office
WWE
Country
Puzzle
NFL
Song
hide this ad
More By:
Flipbboj
Quiz
Plays
Rating
Category
Featured
Created
'Carry On' films
4,680
3.75
Movies
Dec 1, 2009
Everton FC managers since 1939
504
3.00
Sports
Apr 11, 2010
Everton FC FAcup run 1995
235
Sports
Dec 5, 2010
Goth Family Tree
202
5.00
Gaming
Oct 9, 2010
UK World Athletics Champs 100metres male athletes
199
5.00
Sports
Sep 18, 2011
Go to Creator's Profile
Score Distribution
Quiz Creator Spotlight
Flipbboj
Follow
Send a Message
Quizzes Created
-
Created Quiz Play Count
-
More By This Creator
Popular Quizzes Today
1
Find the US States - No Outlines Minefield
2
Find the Countries of Europe - No Outlines Minefield
3
The Countries of the World
4
Find the US States
5
Risky Map Clicking: Biggest States A-Z
6
US States
7
Popular People in 1961
8
Movies - When Are They Set?
More Sports Quizzes
Dutch Soccer Players
Published
Trending Quizzes
Risky Map Clicking: Least Populous States A-Z
1-10 Letter G Words
1-10 Letter F Words
Risky Map Clicking: Next State Alphabetically
Adjectives in 80s TV Shows
Recently Updated
Leaping Animals
pecheneg
Reality TV Shows (A-Z)
bhenderson79
Rickey Henderson's Hall of Fame Teammates
pecheneg
Champions League XIs: Arsenal
pecheneg
Quick Pick: Celebrities in WWE's Hall of Fame
aduchscher
A-Z Keypad Blitz II
pecheneg
Multiple Oscar Actors
pecheneg
Mystery Phrase Blitz: Oscar 'Best Actors'
pecheneg
F. Scott Fitzgerald Novels
LTH
Pick 3 Villains
ddd62291
Trending Topics
Disney
Harry Potter
Marvel
Kpop
Anime
NBA
Crossword
NFL
Song
Puzzle
WWE
Pokémon
The Office
Country
Soccer
Your Account Isn't Verified!
In order to create a playlist on Sporcle, you need to verify the email address you used during registration. Go to your
Sporcle Settings
to finish the process.
Report this User
Report this user for behavior that violates our
Community Guidelines
.
Details:
Send Report
Go to the Sporcle.com Mobile Site →
Comments